000 00795cam a22002174a 4500
005 20250605164248.0
008 250528s ||||||||||||||||||||||||d
035 _a21639
020 _a9780273685784
040 _aGR-AtMCL
_bgre
_dGR-AtMCL
_eAACR2
245 1 _aORGANISATIONAL BEHAVIOUR AND ANALYSIS
250 _a3
260 _bPrentice Hall,
_c2005
300 _a768
505 0 _aINTRODUCTORY CONCEPTS INDIVIDUAL CHARACTERISTICS THE INTRAPERSONAL LEVEL THE INTERPERSONAL LEVEL ORGANISATIONAL-LEVEL CHARACTERISTICS AND PROCESSES
520 _aINTRODUCTORY CONCEPTS INDIVIDUAL CHARACTERISTICS THE INTRAPERSONAL LEVEL THE INTERPERSONAL LEVEL ORGANISATIONAL-LEVEL CHARACTERISTICS AND PROCESSES
700 1 _aRollinson Derek
_91299
942 _cBK
999 _c6700
_d6700